Religion and American culture
| Autor Corporativo: | |
|---|---|
| Formato: | Electrónico Revista |
| Lenguaje: | inglés |
| Publicado: |
Bloomington, IN :
Indiana University Press for the Center for the Study of Religion and American Culture at Indiana University-Purdue University, Indianapolis,
©1991-
Berkeley, CA : University of California Press Cambridge : Cambridge University Press |
| Materias: | |
| Acceso en línea: | Full text available from Research Library: 07/01/1997 to 12/31/1999 Full text available from Research Library: 01/01/2002 to 12/31/2012 Full text available from Research Library: 01/01/2019 to 1 year ago |
MARC
| LEADER | 00000nas a2200000 a 4500 | ||
|---|---|---|---|
| 001 | ssj0001953 | ||
| 003 | WaSeSS | ||
| 005 | 20200512172242.0 | ||
| 006 | m d | ||
| 007 | cr n | ||
| 008 | 010216c19919999caufr pssd 0 a0eng c | ||
| 010 | |a 2001214646 | ||
| 016 | 7 | |a 018981791 |2 Uk | |
| 022 | |a 1533-8568 |l 1052-1151 |y 1052-1151 | ||
| 035 | |a (WaSeSS)ssj0001953 | ||
| 037 | |b University of California Press, 2000 Center St., Ste. 303, Berkeley, CA 94704-1223 |c $57.00 (institution) | ||
| 040 | |a NSD |b eng |c NSD |d OCLCQ |d CUS |d OCLCQ |d CUS |d F#A |d HNK |d DLC |d NSD |d OCLCQ |d EYM |d MUQ |d OCLCQ |d OCLCF |d OCLCO |d VT2 |d OCLCQ |d GILDS |d DLC |d UKMGB |d DLC |d WaSeSS | ||
| 042 | |a nsdp |a pcc | ||
| 043 | |a n-us--- | ||
| 050 | 0 | 0 | |a BL65.C8 |
| 082 | 1 | 0 | |a 291 |2 13 |
| 130 | 0 | |a Religion and American culture (Online) | |
| 222 | 0 | |a Religion and American culture |b (Online) | |
| 245 | 1 | 0 | |a Religion and American culture |h [electronic resource]. |
| 246 | 1 | |a R and AC | |
| 246 | 1 | |a R & AC | |
| 260 | |a Bloomington, IN : |b Indiana University Press for the Center for the Study of Religion and American Culture at Indiana University-Purdue University, Indianapolis, |c ©1991- | ||
| 260 | 2 | |3 1998-<2018> : |a Berkeley, CA : |b University of California Press | |
| 260 | 3 | |3 2018- : |a Cambridge : |b Cambridge University Press | |
| 310 | |a Semiannual | ||
| 362 | 0 | |a Vol. 1, no. 1 (winter 1991)- | |
| 500 | |a Title from title screen (JSTOR, viewed Sept. 14, 2004). | ||
| 506 | |a License restrictions may limit access. | ||
| 588 | |a Latest issue consulted: Vol. 29, issue 3 (Autumn 2019); (Cambridge Core website, viewed April 23, 2020). | ||
| 650 | 0 | |a Religion and culture |z United States |v Periodicals. | |
| 650 | 6 | |a Religion et culture |z États-Unis |v Périodiques. | |
| 650 | 7 | |a Religion and culture. |2 fast |0 (OCoLC)fst01093823 | |
| 651 | 7 | |a United States. |2 fast |0 (OCoLC)fst01204155 | |
| 655 | 0 | |a Electronic journals. | |
| 710 | 2 | |a IUPUI (Campus). |b Center for the Study of Religion and American Culture. | |
| 776 | 1 | |t Religion and American culture |x 1052-1151 |w (DLC) 91641697 |w (OCoLC)22190505 | |
| 850 | |a DLC | ||
| 856 | 4 | 0 | |z Full text available from Research Library: 07/01/1997 to 12/31/1999 |u https://search.proquest.com/publication/31764 |
| 856 | 4 | 0 | |z Full text available from Research Library: 01/01/2002 to 12/31/2012 |u https://search.proquest.com/publication/31764 |
| 856 | 4 | 0 | |z Full text available from Research Library: 01/01/2019 to 1 year ago |u https://search.proquest.com/publication/31764 |